000 00298nam a2200133 i 4500
001 bg
100 1 _aŻYGULSKI, K.
245 0 _aWspólnota śmiechu /
_cK. Żygulski.
260 _aWarszawa,
_c1985.
040 _cBPK
041 _apol
942 _cKS
008 s pl f |000 0 pol
999 _c22995
_d22995
856 _uhttp://koha.tu.koszalin.pl/cgi-bin/koha/opac-detail.pl?biblionumber=22995
_yKatalog online BPK